LIBRARY & INFORMATION CENTRE, KCAET, TAVANUR

ONLINE PUBLIC ACCESS CATALOGUE (OPAC)

Design of minor irrigation and canal structures / (Record no. 1292)

MARC details
000 -LEADER
fixed length control field 00673cam a2200265ua 4500
020 ## - INTERNATIONAL STANDARD BOOK NUMBER
ISBN 81-224-0280-1
041 ## - LANGUAGE CODE
Language code of text/sound track or separate title eng
082 ## - DEWEY DECIMAL CLASSIFICATION NUMBER
Classification number 631.587
Item number SAT/DE
100 ## - MAIN ENTRY--AUTHOR NAME
Personal name Satyanarayana moorthi, C .
245 ## - TITLE STATEMENT
Title Design of minor irrigation and canal structures /
250 ## - EDITION STATEMENT
Edition statement 1 /
260 ## - PUBLICATION, DISTRIBUTION, ETC. (IMPRINT)
Place of publication :
Name of publisher Wiley eastern limited ,
Year of publication 1990.
300 ## - PHYSICAL DESCRIPTION
Number of Pages 296 ; .
942 ## - ADDED ENTRY ELEMENTS (KOHA)
Koha item type Books
Holdings
Withdrawn status Lost status Damaged status Home library Current library Date acquired Full call number Accession Number Koha item type
      KAUAET KAUAET 07/04/2012 631.587 18380 Books
      KAUAET KAUAET 07/04/2012 631.587 18077 Books
      KAUAET KAUAET 07/04/2012 631.587 18217 Book Bank scheme for SC students
      KAUAET KAUAET 07/04/2012 631.587 18480 Book Bank scheme for SC students
      KAUAET KAUAET 07/04/2012 631.587 18216 Book Bank scheme for SC students
      KAUAET KAUAET 07/04/2012 631.587 18462 Books
      KAUAET KAUAET 07/04/2012 631.587 18218 Book Bank scheme for SC students
      KAUAET KAUAET 07/04/2012 631.587 18219 Book Bank scheme for SC students
free website counter